000 00328 a2200133 4500
020 _a9788430569564 (Hard)
020 _a8430569561 (Hard)
041 _aspa
100 _aWilkinson, Philip
245 _aVikingos / Philip Wilkinson.
260 _aMadrid : Susaeta, 2008
300 _a[28] p. : il. ;
_c27 x 31 cm
942 _cBK
999 _c21094
_d21094